Vida y obra del doctor Luis Urrutia / (Record no. 141174)

MARC details
000 -LEADER
campo de control de longitud fija 00623nam a2200193 i 4500
001 - NÚMERO DE CONTROL
campo de control 141174
003 - IDENTIFICADOR DE NÚMERO DE CONTROL
campo de control ES-MaACL
005 - FECHA Y HORA DE LA ÚLTIMA TRANSACCIÓN
campo de control 20250808224601.0
007 - CAMPO FIJO DE DESCRIPCIÓN FÍSICA--INFORMACIÓN GENERAL
campo de control de longitud fija t|
008 - DATOS DE LONGITUD FIJA--INFORMACIÓN GENERAL
campo de control de longitud fija 070919s1977 sp f |||| |bspa d
100 1# - ENTRADA PRINCIPAL--NOMBRE DE PERSONA
Nombre de persona Vitoria Ortiz, Manuel.
9 (RLIN) 115524
245 10 - MENCIÓN DEL TÍTULO
Título Vida y obra del doctor Luis Urrutia /
Mención de responsabilidad, etc. Manuel Vitoria Ortiz ; prólogo, Luis Sánchez Granjel.
260 ## - PUBLICACIÓN, DISTRIBUCIÓN, ETC.
Lugar de publicación, distribución, etc. Bilbao :
Nombre del editor, distribuidor, etc. Gran Enciclopedia Vasca,
Fecha de publicación, distribución, etc. 1977.
300 ## - DESCRIPCIÓN FÍSICA
Extensión 462 p., 40 lám. ;
Dimensiones 23 cm.
600 17 - PUNTO DE ACCESO ADICIONAL DE MATERIA--NOMBRE DE PERSONA
Nombre de persona Urrutia Guerezta, Luis,
Fechas asociadas al nombre 1876-1930
Fuente del encabezamiento o término
9 (RLIN) 169338
700 1# - ENTRADA AGREGADA--NOMBRE PERSONAL
Nombre de persona Granjel, Luis S.
9 (RLIN) 59645
852 ## - LOCALIZACIÓN
Ubicación ES-MaACL
Número de control de estantería A-7953
Holdings
Estatus retirado Estado de pérdida Estado de daño No para préstamo Biblioteca de origen Biblioteca actual Ubicación en estantería Fecha de adquisición Fuente de adquisición Total de préstamos Signatura topográfica completa Código de barras Visto por última vez Precio de reemplazo Tipo de ítem Koha
        Biblioteca del Ateneo de Madrid Biblioteca del Ateneo de Madrid Sala Pecera Planta 1 17/01/2008     A-7953 1146896 23/02/2023 23/02/2023 Libro impreso